Представление документа в формате MARC21

Поле Инд. ПП Название Значение
Тип записи a
Библиографический уровень b
001 Контрольный номер RU/IS/BASE/289321820
005 Дата корректировки 20220218100415.9
008 Кодируемые данные 20090302
040 b Код языка каталог. rus
e Правила каталог. PSBO
041 0_ a Код языка текста rus
084 a Индекс другой классификации/Индекс ББК 83.3(2=411.2)6; 81.054
100 1_ a Автор Лукьянова О. А.
245 10 a Заглавие Звездная азбука В. В. Хлебникова
b Продолж. заглавия (графический аспект)
504 a Библиография Библиогр.: с. 46
600 14 a Персоналии Хлебников Велимир
650 04 a Основная рубрика история литературы
a Основная рубрика лексикография
a Основная рубрика литературоведение
a Основная рубрика общее языкознание
a Основная рубрика структура языка
a Основная рубрика филологические науки
a Основная рубрика языкознание
653 0_ a Ключевые слова XX век
a Ключевые слова азбука
a Ключевые слова алфавит
a Ключевые слова буквенно-звуковое письмо
a Ключевые слова поэзия
a Ключевые слова Россия
a Ключевые слова русская литература
a Ключевые слова финикийский алфавит
773 08 t Заглавие источника Вестник Московского университета. Серия 9, Филология
d Дата издания источника 2008
g Прочая информация № 1. - С. 51 - 55 : табл.
w Контрольный № источника RU/IS/BASE/286474501
901 t Тип документа b